| 000 | 00347nam a2200133Ia 4500 | ||
|---|---|---|---|
| 008 | 211119s9999||||xx |||||||||||||| ||und|| | ||
| 082 |
_a100 _bMIL-P |
||
| 100 | _aMiller, David | ||
| 245 | 0 | _aPolitical Philosophy | |
| 260 |
_bOxford _aNew York _c2003 |
||
| 300 | _a147p | ||
| 650 |
_aphilosophy & psychologyEnglish _xGeneral Stack |
||
| 942 | _cBOOK | ||
| 999 |
_c104842 _d104842 |
||